000 00620nam a2200181 a 4500
001 000039861
005 20201002033757.0
008 130725s1992 sp 000 0 spa d
020 _a8400072766
040 _aDO-SdBNP
_bspa
_cBNPHU
100 1 _aAdrados, Francisco Rodríguez,
_d1922-
_925545
245 1 0 _aVédico y sánscrito clásico :
_bgramática, textos anotados y vocabulario etimológico.
250 _a2a. ed.
260 _aMadrid :
_bConsejo Superior de Investigaciónes Científicas,
_c1992.
300 _a207 p. ;
_c23 cm.
490 1 _aTextos universitarios
_v19
830 0 _aTextos universitarios
_v19
_91147
999 _c39351
_d39351